50 Flicks to Click (1994) Quiz Stats

 Plays Quiz Updated May 14, 2018

Challenge
Share
Tweet
Embed
Score 0/50 Timer 07:00
0 Plays Today
% Correct
Forrest
95%
Dumber
94.9%
Pulp
94.6%
Ventura
94.5%
Man
94.5%
Natural
93.1%
Shawshank
92.3%
Mighty
91.4%
Rich
91%
Santa
90.8%
Karate
90.6%
Vampire
90.4%
Happen
89.6%
Danger
89.3%
Sharks
87.9%
Wyatt
87.8%
Lion
86.9%
Naked
86.8%
Bites
85.9%
Generations
83.4%
Angels
82.3%
Legends
82%
Priscilla
80.9%
Robbersons
79.6%
DeMarco
76.6%
% Correct
Little
75.7%
Wedding
75.2%
Lies
74.3%
Velocity
73.8%
Nobody's
72.7%
Wood
72.2%
Rascals
70.1%
Quiz
69.4%
Bullets
69.2%
Tess
69%
Drink
68%
River
66.4%
Professional
64.5%
Madness
63.2%
Rim
62.8%
Creatures
62.6%
Colors
59.9%
Hudsucker
59.8%
Girls
56%
Wellville
54.5%
League
52.2%
Seduction
50.4%
Pat
45.1%
Mom
44.9%
Beloved
39.1%

You're not logged in!

Compare scores with friends on all Sporcle quizzes.
OR
Log In

You Might Also Like...

Show Comments

Extras

Top Quizzes Today


Score Distribution

Your Account Isn't Verified!

In order to create a playlist on Sporcle, you need to verify the email address you used during registration. Go to your Sporcle Settings to finish the process.

Report this User

Report this user for behavior that violates our Community Guidelines.

Details: